| 000 | 01047cab a22002055a 4500 | ||
|---|---|---|---|
| 001 | L140438 | ||
| 008 | 070924s2007 xxka f 000 0 eng d | ||
| 035 | _a(Sirsi) u140438 | ||
| 041 | 0 | _aeng | |
| 100 | 1 | _aMorbitzer, Christoph | |
| 245 | 0 | 0 | _aSmart move |
| 260 | _c2007 | ||
| 490 | 0 |
_aBuilding Services Journal _v29(9) September 2007, 43-44(2) |
|
| 520 | _aReviews the international construction industry initiative, buildingSMART. BuildingSMART allows interoperability by connecting and enabling data exchange between different software applications, and is based on the international open standard, Industry Foundation Classes. A key benefit of buildingSMART is that it allows all members from a project team to work from the same building data model. Looks at buildingSMART's other benefits and highlights barriers that need to be overcome before it can become a commonplace tool. | ||
| 590 | _aKA | ||
| 651 | 4 | _aInternational | |
| 690 | _aBUILT ENVIRONMENT-CONSTRUCTION DESIGN | ||
| 690 |
_aProject management _96261 |
||
| 942 | _n0 | ||
| 999 |
_c79271 _d79271 |
||